Circo faz de conta (Record no. 152746)

MARC details
000 -LÍDER
campo de controle de tamanho fixo 00324 a2200145 4500
001 - NÚMERO DE CONTROLE
campo de controle 152746
040 ## - FONTE DA CATALOGAÇÃO
Instituição que transcreveu o registro Escola São Tomás de Aquino
100 ## - ENTRADA PRINCIPAL--NOME PESSOAL
Nome pessoal RIBEIRO, Jonas
240 10 - TÍTULO UNIFORME
Título uniforme Circo faz de conta
Idioma da obra por
245 10 - TÍTULO
Título Circo faz de conta
362 0# - DATAS DE PUBLICAÇÃO E/OU DESIGNAÇÃO SEQUENCIAL
Datas de publicação e/ou designação sequencial 2016
440 #1 - DECLARAÇÃO DE SÉRIE/ENTRADA ADICIONADA--TÍTULO
Título Editora do Brasil
697 ## - ENTRADA DE ASSUNTO LOCAL--ENTIDADE COLETIVA (RLIN)
Nome corporativo ou nome da jurisdição Poesia
942 ## - ELEMENTOS DE ENTRADA ADICIONADOS (KOHA)
Tipo de material Koha Livros
Holdings
Situação do descarte Situação das perdas Situação física Não pode ser emprestado Biblioteca de origem Biblioteca atual Data de aquisição Total de empréstimos Número de chamada completo Código de barras Data de último acesso Data do último empréstimo Data do preço efetivo Tipo de material Koha
        ESTA - SÃO BENTO ESTA - SÃO BENTO 30/04/2024 1 B869.91 RIB CIR EST00006788 05/06/2024 22/05/2024 30/04/2024 Livros